| 000 | 01662nam a2200469 i 4500 | ||
|---|---|---|---|
| 999 |
_c2592 _d2592 |
||
| 001 | 021018063 | ||
| 003 | UkOxU | ||
| 005 | 20230724111354.0 | ||
| 006 | m || | | | ||
| 007 | co ||||||||||| | ||
| 008 | 170328s2014 enka 001|0|eng|d | ||
| 015 |
_aGBB760551 _2bnb |
||
| 020 |
_a9781107697690 _qpaperback with CD-ROM |
||
| 035 | _a(Uk)018285896 | ||
| 040 |
_aStDuBDS _beng _erda _cStDuBDS _dUkOxU _dKH8 |
||
| 082 | 0 | 4 | _a530.076 SAN |
| 100 | 1 |
_aSang, David, _eauthor. |
|
| 245 | 1 | 0 |
_aCambridge international AS and A level physics : _bcoursebook / _cDavid Sang, Graham Jones, Gurinder Chadha and Richard Woodside. |
| 250 | _aSecond edition. | ||
| 264 | 1 |
_aCambridge : _bCambridge University Press, _c2014. |
|
| 264 | 4 | _c©2014 | |
| 300 |
_aix, 565 pages : _billustrations ; _c28 cm + _e1 CD-ROM |
||
| 336 |
_atext _2rdacontent |
||
| 337 |
_aunmediated _2rdamedia |
||
| 337 |
_acomputer _2rdamedia |
||
| 338 |
_avolume _2rdacarrier |
||
| 338 |
_avolume _2rdacarrier |
||
| 338 |
_acomputer disc _2rdacarrier |
||
| 347 |
_atext file _2rda |
||
| 500 | _aIncludes index. | ||
| 500 | _a"Cambridge International Examinations endorsed for full syllabus coverage"--Cover. | ||
| 500 | _aIncludes CD-ROM in pocket attached to inside back cover. | ||
| 521 | 2 | _aA-level. | |
| 521 | 2 | _aAS. | |
| 650 | 0 |
_aPhysics _vExaminations, questions, etc. |
|
| 650 | 0 |
_aPhysics _xExaminations _vStudy guides. |
|
| 700 | 1 |
_aJones, Graham _eauthor. |
|
| 700 | 1 |
_aChadha, Gurinder, _d1957- _eauthor. |
|
| 700 | 1 |
_aWoodside, Richard, _eauthor. |
|
| 710 | 2 |
_aUniversity of Cambridge. _bLocal Examinations Syndicate. _bInternational Examinations. |
|
| 942 |
_2ddc _cTR |
||